Общее собрание членов С.-Петербургского благотворительного общества Последователей гомеопатии... ... 19-го обыкновенного... 9-го марта 1897 года (Запись № 4674659)

Подробности
000 -МАРКЕР
контрольное поле 02138nam2a22003251 4500
001 - ИДЕНТИФИКАТОР ЗАПИСИ
контрольное поле v19\rc\1351792
005 - ИДЕНТИФИКАТОР ВЕРСИИ
контрольное поле 20250618075356.0
035 ## - ДРУГИЕ СИСТЕМНЫЕ НОМЕРА
Идентификатор записи (NLR Aleph) 004496642
100 ## - ДАННЫЕ ОБЩЕЙ ОБРАБОТКИ
Данные общей обработки 20060512d1897 |||y0rusy50 ca
101 0# - ЯЗЫК РЕСУРСА
Язык текста, звукозаписи и т.д. русский
102 ## - СТРАНА ПУБЛИКАЦИИ ИЛИ ПРОИЗВОДСТВА
Страна публикации Российская Федерация
105 ## - ПОЛЕ КОДИРОВАННЫХ ДАННЫХ: ТЕКСТОВЫЕ МАТЕРИАЛЫ, МОНОГРАФИЧЕСКИЕ
Кодированные данные о монографическом текстовом документе y z |||||
200 0# - ЗАГЛАВИЕ И СВЕДЕНИЯ ОБ ОТВЕТСТВЕННОСТИ
Основное заглавие ... 19-го обыкновенного... 9-го марта 1897 года
210 ## - ПУБЛИКАЦИЯ, РАСПРОСТРАНЕНИЕ И ДР.
Дата издания, распространения и т.д. 1897
Место издания, распространения и т.д. Б. м.
215 ## - ФИЗИЧЕСКАЯ ХАРАКТЕРИСТИКА
Специфическое обозначение материала и объем [2], 68 с.
300 ## - ОБЩИЕ ПРИМЕЧАНИЯ
Текст примечания Общ. загл. вып.: Журнал 19-го обыкновенного общего собрания членов С.-Петербургского благотворительного общества последователей гомеопатии 9-го марта 1897 года
461 #0 - УРОВЕНЬ НАБОРА
Встроенное поле 001v19\rc\1351779
-- 2001#$a...Общее собрание членов С.-Петербургского благотворительного общества Последователей гомеопатии...$v... 19-го обыкновенного... 9-го марта 1897 года
Системный номер (АБИС) связанной записи 4674600
Автор Петербургское благотворительное общество последователей гомеопатии
Место публикации С.-Петербург
Дата публикации 1884-1914
Заглавие Общее собрание членов С.-Петербургского благотворительного общества Последователей гомеопатии...
Номер тома ... 19-го обыкновенного... 9-го марта 1897 года
517 1# - ДРУГИЕ ВАРИАНТЫ ЗАГЛАВИЯ
Вариант заглавия Журнал 19-го обыкновенного общего собрания членов С.-Петербургского благотворительного общества последователей гомеопатии 9-го марта 1897 года
Язык заглавия русский
801 #0 - ИСТОЧНИК ЗАПИСИ
Страна Российская Федерация
Организация NLR
Правила каталогизации psbo
801 #0 - ИСТОЧНИК ЗАПИСИ
Страна Российская Федерация
Организация RuMoRGB
Источник данных psbo
801 #1 - ИСТОЧНИК ЗАПИСИ
Страна Российская Федерация
Организация ProSoft-M
Источник данных rusmarc
801 #2 - ИСТОЧНИК ЗАПИСИ
Страна Российская Федерация
Организация NLR
Дата составления 20150129
Источник данных rusmarc
852 ## - МЕСТОНАХОЖДЕНИЕ И ШИФР ХРАНЕНИЯ
Идентификатор организации NLR
Шифр хранения (Call Number) 18.292.7.80 (1)
899 ## - ДАННЫЕ О МЕСТОНАХОЖДЕНИИ (устаревшее)
Местонахождение RuMoRGB (1884-1914*)
Шифр хранения V 225/7
899 ## - ДАННЫЕ О МЕСТОНАХОЖДЕНИИ (устаревшее)
Местонахождение RuMoRGB (1884-1914*)
Шифр хранения V 22/614
899 ## - ДАННЫЕ О МЕСТОНАХОЖДЕНИИ (устаревшее)
Местонахождение RuMoRGB (1884-1914*)
Шифр хранения V 381/661
899 ## - ДАННЫЕ О МЕСТОНАХОЖДЕНИИ (устаревшее)
Местонахождение БАН (1884-1914*)
942 ## - ДОПОЛНИТЕЛЬНЫЕ ЭЛЕМЕНТЫ ЗАПИСИ (АБИС)
Тип экземпляра АБИС Книга
980 ## - КОЛЛЕКЦИЯ
Название коллекции Национальная библиография
Экземпляры
Тип экземпляра Дата поступления Библиотека постоянного хранения Библиотека текущего хранения Место хранения Шифр хранения Штрих-код Статус экземпляра
Книга 26.10.2013 РНБ (Московский) РНБ (Московский) Неопределен, для заказа не доступен, в ЭК виден   4496642-50  
Книга 26.10.2013 РНБ (Садовая) РНБ (Садовая) Русский книжный фонд -Главное здание, Ленинский читальный зал 18.292.7.80(1) 4496642-10